[Event "Hastings Masters"]
[Site "Hastings"]
[Date "2024.01.01"]
[Round "5.14"]
[White "Mikhalevski, Victor"]
[Black "Boswell, Jacob Connor"]
[Result "1-0"]
[WhiteElo "2524"]
[BlackElo "2235"]
[PlyCount "63"]
[EventDate "2023.12.28"]
[EventType "swiss"]
[EventRounds "9"]
[EventCountry "ENG"]
[SourceTitle "BritBase"]
[Source "John Saunders"]
[SourceDate "2024.01.08"]
[SourceVersion "1"]
[SourceVersionDate "2024.01.08"]
[SourceQuality "1"]

1. Nf3 d5 2. g3 Nf6 3. Bg2 c5 4. O-O e6 5. c4 d4 6. e3 Nc6 7. exd4 cxd4 8. d3
Bd6 9. Bg5 h6 10. Bxf6 Qxf6 11. Nbd2 O-O 12. Ne4 Qe7 13. Nxd6 Qxd6 14. Re1 e5
15. b4 Nxb4 16. Nxe5 Re8 17. a3 Nc2 18. Qxc2 Rxe5 19. Rxe5 Qxe5 20. Qd2 Qc7 21.
Qb2 Qb6 22. Qb4 Qd8 23. Re1 Bf5 24. Qxb7 Rb8 25. Qxa7 Bxd3 26. Bd5 Rb6 27.
Qxf7+ Kh7 28. Re7 Rb1+ 29. Kg2 Bf1+ 30. Kf3 Rb3+ 31. Kg4 Qc8+ 32. Be6 1-0

[Event "Hastings Masters"]
[Site "Hastings"]
[Date "2024.01.01"]
[Round "5.15"]
[White "Hng, Mei-Xian Eunice"]
[Black "Sengupta, Deep"]
[Result "0-1"]
[WhiteElo "2014"]
[BlackElo "2501"]
[PlyCount "58"]
[EventDate "2023.12.28"]
[EventType "swiss"]
[EventRounds "9"]
[EventCountry "ENG"]
[SourceTitle "BritBase"]
[Source "John Saunders"]
[SourceDate "2024.01.08"]
[SourceVersion "1"]
[SourceVersionDate "2024.01.08"]
[SourceQuality "1"]

1. Nf3 Nf6 2. c4 b6 3. g3 Bb7 4. Bg2 g6 5. O-O Bg7 6. d4 O-O 7. Nc3 Ne4 8. Qc2
Nxc3 9. bxc3 Nc6 10. e4 Ba6 11. Qa4 Na5 12. Nd2 c5 13. Bb2 d6 14. Bh3 e6 15.
Nb3 Qe8 16. Qxe8 Rfxe8 17. Nxa5 bxa5 18. dxc5 dxc5 19. Rfc1 Bxc4 20. Ba3 Rac8
21. Rab1 a4 22. Rb2 Rb8 23. Rxb8 Rxb8 24. Bxc5 Bxa2 25. Bxa7 Rb1 26. Be3 Bxc3
27. Rxb1 Bxb1 28. Bc1 Bxe4 29. Ba3 Bg7 0-1

[Event "Hastings Masters"]
[Site "Hastings"]
[Date "2024.01.02"]
[Round "6.1"]
[White "Royal, Shreyas"]
[Black "Zhang, Pengxiang"]
[Result "1/2-1/2"]
[WhiteElo "2438"]
[BlackElo "2558"]
[PlyCount "107"]
[EventDate "2023.12.28"]
[EventType "swiss"]
[EventRounds "9"]
[EventCountry "ENG"]
[SourceTitle "BritBase"]
[Source "John Saunders"]
[SourceDate "2024.01.08"]
[SourceVersion "1"]
[SourceVersionDate "2024.01.08"]
[SourceQuality "1"]

1. d4 Nf6 2. c4 e6 3. Nc3 Bb4 4. e3 O-O 5. Nf3 d5 6. Bd2 b6 7. cxd5 exd5 8. Rc1
Bb7 9. Bd3 Nbd7 10. O-O a6 11. Ne5 c5 12. Nxd7 Qxd7 13. dxc5 d4 14. Ne4 Bxe4
15. Bxb4 dxe3 16. Be2 exf2+ 17. Rxf2 Qxd1+ 18. Rxd1 a5 19. Ba3 bxc5 20. Bxc5
Rfc8 21. Bd4 Nd5 22. Rdf1 f6 23. b3 Rd8 24. Bc4 Bg6 25. Bb6 Rd7 26. Rd2 Bf7 27.
Bb5 Re7 28. Bc5 Rc7 29. Bd6 Rcc8 30. Re1 h5 31. h4 Ra7 32. Bg3 Rc3 33. Bf2 Rb7
34. Ba6 Rb8 35. Bd4 Rc6 36. Ba7 Rb4 37. Bc4 Rc7 38. Bf2 Nb6 39. Rd8+ Kh7 40.
Bxf7 Rxf7 41. Re6 Rb7 42. Rdd6 Nd7 43. Re7 Ne5 44. Rxb7 Rxb7 45. Ra6 Rc7 46.
Be3 Ng4 47. Bf4 Rc5 48. g3 g5 49. hxg5 fxg5 50. Bd2 Rc2 51. Bxg5 Rxa2 52. Bd8
Rd2 53. Bxa5 Rd3 54. Kg2 1/2-1/2

[Event "Hastings Masters"]
[Site "Hastings"]
[Date "2024.01.02"]
[Round "6.2"]
[White "Gasanov, Eldar"]
[Black "Lagarde, Maxime"]
[Result "1/2-1/2"]
[WhiteElo "2487"]
[BlackElo "2640"]
[PlyCount "103"]
[EventDate "2023.12.28"]
[EventType "swiss"]
[EventRounds "9"]
[EventCountry "ENG"]
[SourceTitle "BritBase"]
[Source "John Saunders"]
[SourceDate "2024.01.08"]
[SourceVersion "1"]
[SourceVersionDate "2024.01.08"]
[SourceQuality "1"]

1. d4 f5 2. g3 Nf6 3. Bg2 g6 4. Nd2 Nc6 5. d5 Ne5 6. e4 fxe4 7. Nxe4 Nxe4 8.
Bxe4 Bg7 9. Nf3 Nf7 10. h4 c6 11. h5 Nd6 12. Bd3 Qa5+ 13. c3 Qxd5 14. hxg6 Qe6+
15. Qe2 Qxe2+ 16. Kxe2 e5 17. Bh6 Bxh6 18. Rxh6 e4 19. g7 Rg8 20. Rxd6 exd3+
21. Kxd3 Rxg7 22. Re1+ Kd8 23. Nd4 Kc7 24. Rf6 b6 25. c4 Bb7 26. Nf5 Rgg8 27.
Re7 Raf8 28. Ref7 Rxf7 29. Rxf7 h5 30. Rh7 c5 31. Rxh5 Rg4 32. f4 Rg8 33. Rg5
Re8 34. Ne3 Be4+ 35. Kd2 Rh8 36. Re5 Rh2+ 37. Kc3 Bb1 38. f5 d6 39. Re6 Kd7 40.
g4 Bxa2 41. Rg6 b5 42. Rg7+ Ke8 43. Nd5 Bxc4 44. Nf6+ Kd8 45. Rd7+ Kc8 46. Rxd6
Kc7 47. Ne8+ Kb7 48. f6 Rh3+ 49. Kd2 Rh2+ 50. Kc3 Rh3+ 51. Kc2 Rh2+ 52. Kc3
1/2-1/2

[Event "Hastings Masters"]
[Site "Hastings"]
[Date "2024.01.02"]
[Round "6.3"]
[White "Gupta, Abhijeet"]
[Black "Waldhausen Gordon, Frederick"]
[Result "1-0"]
[WhiteElo "2596"]
[BlackElo "2338"]
[PlyCount "95"]
[EventDate "2023.12.28"]
[EventType "swiss"]
[EventRounds "9"]
[EventCountry "ENG"]
[SourceTitle "BritBase"]
[Source "John Saunders"]
[SourceDate "2024.01.08"]
[SourceVersion "1"]
[SourceVersionDate "2024.01.08"]
[SourceQuality "1"]

1. d4 Nf6 2. Nf3 d5 3. c3 e6 4. Bf4 Bd6 5. e3 O-O 6. Nbd2 c5 7. Bd3 Nc6 8. Bg3
b6 9. e4 Be7 10. e5 Nh5 11. Ng5 Bxg5 12. Qxh5 g6 13. Qe2 cxd4 14. h4 Bh6 15. h5
dxc3 16. bxc3 Bg7 17. Nf3 f5 18. hxg6 hxg6 19. Bf4 Qc7 20. Kf1 Bd7 21. Re1 Nd8
22. Rh3 Nf7 23. Rg3 Nh8 24. c4 dxc4 25. Bxc4 b5 26. Bb3 a5 27. Ng5 Rfe8 28. Rc1
Qb6 29. Rd3 Qa7 30. Rcd1 Bc8 31. Rd8 Qe7 32. Rxc8 Raxc8 33. Bxe6+ Qxe6 34. Nxe6
Rxe6 35. Qxb5 Nf7 36. Qb7 Rf8 37. Rd7 g5 38. Rxf7 Rxf7 39. Qc8+ Bf8 40. Qxe6
gxf4 41. Qg6+ Bg7 42. e6 Rf6 43. Qe8+ Rf8 44. Qd7 Bf6 45. e7 Bxe7 46. Qxe7 f3
47. Qg5+ Kh7 48. Qh5+ 1-0

[Event "Hastings Masters"]
[Site "Hastings"]
[Date "2024.01.02"]
[Round "6.4"]
[White "Jacobson, Brandon"]
[Black "Cherniaev, Alexander"]
[Result "1-0"]
[WhiteElo "2538"]
[BlackElo "2381"]
[PlyCount "89"]
[EventDate "2023.12.28"]
[EventType "swiss"]
[EventRounds "9"]
[EventCountry "ENG"]
[SourceTitle "BritBase"]
[Source "John Saunders"]
[SourceDate "2024.01.08"]
[SourceVersion "1"]
[SourceVersionDate "2024.01.08"]
[SourceQuality "1"]

1. d4 d5 2. c4 e6 3. Nc3 c5 4. e3 Nf6 5. Nf3 a6 6. cxd5 exd5 7. Bd3 Nc6 8. O-O
Bd6 9. dxc5 Bxc5 10. h3 O-O 11. b3 Be6 12. Bb2 Ba7 13. Rc1 Qe7 14. Re1 Rad8 15.
Ne2 Ne4 16. Nf4 Bb8 17. Bb1 Rfe8 18. Nd4 Nxd4 19. Qxd4 Nf6 20. Qd3 d4 21. Bxd4
Bxf4 22. Bxf6 Rxd3 23. Bxe7 Rd7 24. exf4 Rdxe7 25. f5 Bd7 26. Rxe7 Rxe7 27. Rc7
Kf8 28. Kh2 Bc6 29. Rc8+ Re8 30. Rxe8+ Bxe8 31. f6 h6 32. fxg7+ Kxg7 33. Kg3
Kf6 34. Kf4 Ke7 35. b4 b6 36. Ke5 Bc6 37. Be4 f6+ 38. Kf5 Be8 39. Bd5 a5 40. a3
axb4 41. axb4 Kd6 42. Bc4 Ke7 43. h4 Bh5 44. g4 Be8 45. h5 1-0

[Event "Hastings Masters"]
[Site "Hastings"]
[Date "2024.01.02"]
[Round "6.5"]
[White "Lux, Hugo De Melo"]
[Black "Sulskis, Sarunas"]
[Result "0-1"]
[WhiteElo "2311"]
[BlackElo "2490"]
[PlyCount "88"]
[EventDate "2023.12.28"]
[EventType "swiss"]
[EventRounds "9"]
[EventCountry "ENG"]
[SourceTitle "BritBase"]
[Source "John Saunders"]
[SourceDate "2024.01.08"]
[SourceVersion "1"]
[SourceVersionDate "2024.01.08"]
[SourceQuality "1"]

1. e4 Nf6 2. e5 Nd5 3. d4 d6 4. Nf3 g6 5. Bc4 c6 6. Nc3 Bg7 7. O-O Nxc3 8. bxc3
d5 9. Bd3 c5 10. Bb5+ Nc6 11. Ba3 cxd4 12. Nxd4 Bd7 13. Bxc6 bxc6 14. Qe2 O-O
15. Rab1 c5 16. Bxc5 Rc8 17. Nb3 a6 18. Qe3 Bb5 19. Rfe1 Qd7 20. Bd4 e6 21. Nc5
Qc6 22. Rb4 Rfd8 23. a4 Bc4 24. Nb7 Bf8 25. Nxd8 Rxd8 26. Qg5 Re8 27. h4 Bxb4
28. cxb4 Qxa4 29. Qd2 Rb8 30. Bc5 Qe8 31. h5 Qd8 32. Qf4 g5 33. Qg3 h6 34. Re3
a5 35. Bd6 Rxb4 36. Bxb4 axb4 37. Re1 d4 38. f4 d3 39. cxd3 Qxd3 40. Kh2 b3 41.
Re3 Qf5 42. fxg5 Qxg5 43. Qf2 b2 44. Re1 Bd3 0-1

[Event "Hastings Masters"]
[Site "Hastings"]
[Date "2024.01.02"]
[Round "6.6"]
[White "Nielsen, Andre"]
[Black "Edouard, Romain"]
[Result "0-1"]
[WhiteElo "2239"]
[BlackElo "2527"]
[PlyCount "72"]
[EventDate "2023.12.28"]
[EventType "swiss"]
[EventRounds "9"]
[EventCountry "ENG"]
[SourceTitle "BritBase"]
[Source "John Saunders"]
[SourceDate "2024.01.08"]
[SourceVersion "1"]
[SourceVersionDate "2024.01.08"]
[SourceQuality "1"]

1. e4 c5 2. Nf3 Nc6 3. d4 cxd4 4. Nxd4 g6 5. c4 Nf6 6. Nc3 Nxd4 7. e5 Ne6 8.
exf6 exf6 9. Be3 Bg7 10. Qd6 Qe7 11. Qd2 O-O 12. g4 b6 13. Bg2 Rb8 14. O-O-O
Ba6 15. Nd5 Qd8 16. b3 b5 17. cxb5 Rxb5 18. Kb1 f5 19. Bh6 Bh8 20. Nc3 Qf6 21.
Bxf8 Kxf8 22. Rc1 Rc5 23. gxf5 Nf4 24. Qxf4 Bd3+ 25. Kb2 Rxc3 26. Qb4+ Rc5+ 27.
Ka3 Qa6+ 28. Qa4 Ra5 29. Rc8+ Ke7 30. Re1+ Kd6 31. Rxh8 Rxa4+ 32. bxa4 Qc4 33.
Rb8 Qc5+ 34. Kb2 Qxf2+ 35. Kc3 Qc2+ 36. Kd4 Bxf5 0-1

[Event "Hastings Masters"]
[Site "Hastings"]
[Date "2024.01.02"]
[Round "6.7"]
[White "Laurent-Paoli, Pierre"]
[Black "Vestby-Ellingsen, Mads"]
[Result "1/2-1/2"]
[WhiteElo "2524"]
[BlackElo "2329"]
[PlyCount "101"]
[EventDate "2023.12.28"]
[EventType "swiss"]
[EventRounds "9"]
[EventCountry "ENG"]
[SourceTitle "BritBase"]
[Source "John Saunders"]
[SourceDate "2024.01.08"]
[SourceVersion "1"]
[SourceVersionDate "2024.01.08"]
[SourceQuality "1"]

1. e4 c5 2. Nf3 d6 3. Bb5+ Bd7 4. c4 Nf6 5. Nc3 g6 6. O-O Bg7 7. Bxd7+ Nbxd7 8.
d3 O-O 9. h3 Ne5 10. Nxe5 dxe5 11. Be3 Qd6 12. Qf3 e6 13. Rfd1 Nd7 14. a3 b6
15. b4 Qe7 16. Qe2 cxb4 17. axb4 Qxb4 18. Nb5 a5 19. Rdb1 Qe7 20. Nc3 Rfb8 21.
Na4 Qd8 22. Rb5 Bf8 23. Rab1 Bb4 24. f4 exf4 25. Bxf4 e5 26. Be3 Nc5 27. Bxc5
bxc5 28. Rxb8 Rxb8 29. Kh1 Qd6 30. Rf1 Rd8 31. Rf3 Qc6 32. Qc2 f6 33. Nb2 Kg7
34. Nd1 a4 35. Ne3 a3 36. Nd5 Ra8 37. Qa2 Ra6 38. Rxf6 Qxf6 39. Nxf6 Kxf6 40.
Kg1 Rd6 41. Qf2+ Kg7 42. Qc2 Ra6 43. Qa2 Rd6 44. Qc2 Ra6 45. Qa2 Rd6 46. Qc2
Ra6 47. Qa2 Bc3 48. Kf1 Bb2 49. Ke2 Rb6 50. d4 exd4 51. Kd3 1/2-1/2

[Event "Hastings Masters"]
[Site "Hastings"]
[Date "2024.01.02"]
[Round "6.8"]
[White "Fischer, Daniel"]
[Black "Mikhalevski, Victor"]
[Result "1/2-1/2"]
[WhiteElo "2341"]
[BlackElo "2524"]
[PlyCount "59"]
[EventDate "2023.12.28"]
[EventType "swiss"]
[EventRounds "9"]
[EventCountry "ENG"]
[SourceTitle "BritBase"]
[Source "John Saunders"]
[SourceDate "2024.01.08"]
[SourceVersion "1"]
[SourceVersionDate "2024.01.08"]
[SourceQuality "1"]

1. e4 e5 2. Nf3 Nc6 3. Bb5 a6 4. Ba4 b5 5. Bb3 Na5 6. O-O d6 7. d4 exd4 8. Nxd4
Bb7 9. Bd2 Nxb3 10. Nxb3 Nf6 11. Na5 Qc8 12. Nc3 Be7 13. Qf3 O-O 14. Nd5 Nxd5
15. exd5 Bf6 16. c3 Rb8 17. Be3 b4 18. cxb4 Ba8 19. a3 Bxb2 20. Ra2 Bf6 21. Rc2
Rb5 22. Nc6 Bxc6 23. Rxc6 a5 24. Bd2 axb4 25. Bxb4 Qb7 26. Rfc1 Bb2 27. R1c2
Bxa3 28. Rxc7 Qxc7 29. Rxc7 Bxb4 30. g3 1/2-1/2

[Event "Hastings Masters"]
[Site "Hastings"]
[Date "2024.01.02"]
[Round "6.9"]
[White "Ghasi, Ameet K"]
[Black "Gallagher, Joseph G"]
[Result "1/2-1/2"]
[WhiteElo "2509"]
[BlackElo "2427"]
[PlyCount "93"]
[EventDate "2023.12.28"]
[EventType "swiss"]
[EventRounds "9"]
[EventCountry "ENG"]
[SourceTitle "BritBase"]
[Source "John Saunders"]
[SourceDate "2024.01.08"]
[SourceVersion "1"]
[SourceVersionDate "2024.01.08"]
[SourceQuality "1"]

1. Nf3 c5 2. g3 Nc6 3. Bg2 g6 4. c4 Bg7 5. Nc3 d6 6. O-O e5 7. a3 a5 8. d3 Nge7
9. Rb1 O-O 10. Bd2 Rb8 11. Qa4 h6 12. Nb5 Be6 13. b4 axb4 14. axb4 Qd7 15. bxc5
dxc5 16. Nc3 b6 17. Rb2 Ra8 18. Qc2 Nb4 19. Qc1 Kh7 20. Ne1 Bh3 21. Qb1 Bxg2
22. Nxg2 f5 23. Rxb4 cxb4 24. Nb5 Nc6 25. Ne3 f4 26. Nd5 Qh3 27. d4 fxg3 28.
hxg3 exd4 29. Nf4 Qf5 30. Bxb4 Qxb1 31. Rxb1 Rfe8 32. Nc7 Ne5 33. c5 bxc5 34.
Nxe8 Rxe8 35. Bxc5 g5 36. Nh5 d3 37. Nxg7 Kxg7 38. Bd4 Kf7 39. Bxe5 Rxe5 40.
exd3 Rd5 41. Rd1 Kf6 42. Kf1 Kf5 43. Ke2 Re5+ 44. Kd2 Kg4 45. d4 Re8 46. Rh1
Kf3 47. Rxh6 1/2-1/2

[Event "Hastings Masters"]
[Site "Hastings"]
[Date "2024.01.02"]
[Round "6.10"]
[White "Bozinakis, Pavlos"]
[Black "Petrov, Martin"]
[Result "0-1"]
[WhiteElo "2274"]
[BlackElo "2501"]
[PlyCount "66"]
[EventDate "2023.12.28"]
[EventType "swiss"]
[EventRounds "9"]
[EventCountry "ENG"]
[SourceTitle "BritBase"]
[Source "John Saunders"]
[SourceDate "2024.01.08"]
[SourceVersion "1"]
[SourceVersionDate "2024.01.08"]
[SourceQuality "1"]

1. e4 c5 2. Nf3 d6 3. d4 cxd4 4. Nxd4 Nf6 5. Nc3 a6 6. f3 e5 7. Nb3 Be7 8. Be3
Be6 9. Qd2 h5 10. Be2 Nbd7 11. Nd5 Bxd5 12. exd5 Qc7 13. c4 a5 14. Rc1 a4 15.
Na1 e4 16. O-O exf3 17. gxf3 O-O 18. Nc2 Rae8 19. Nd4 Bd8 20. Nb5 Qb8 21. Bf4
Ne5 22. Bd1 h4 23. Bxa4 Bb6+ 24. Kh1 Nh5 25. Bg5 Qc8 26. Qg2 h3 27. Qc2 Nxf3
28. Nxd6 Qg4 29. Bxe8 Nxg5 30. Bxf7+ Rxf7 31. Nxf7 Nf3 32. c5 Bxc5 33. Rce1
Nxe1 0-1

[Event "Hastings Masters"]
[Site "Hastings"]
[Date "2024.01.02"]
[Round "6.11"]
[White "Sengupta, Deep"]
[Black "Beaumont, Chris R"]
[Result "1-0"]
[WhiteElo "2501"]
[BlackElo "2236"]
[PlyCount "137"]
[EventDate "2023.12.28"]
[EventType "swiss"]
[EventRounds "9"]
[EventCountry "ENG"]
[SourceTitle "BritBase"]
[Source "John Saunders"]
[SourceDate "2024.01.08"]
[SourceVersion "1"]
[SourceVersionDate "2024.01.08"]
[SourceQuality "1"]

1. e4 d6 2. d4 Nf6 3. Nc3 g6 4. Be3 c6 5. h3 Bg7 6. f4 Qa5 7. Bd3 Nbd7 8. Nf3
c5 9. O-O cxd4 10. Bxd4 O-O 11. Qd2 e5 12. Be3 exf4 13. Bxf4 Nh5 14. Nd5 Qxd2
15. Bxd2 Ng3 16. Rfe1 Ne5 17. Kf2 Nh5 18. Bb4 Rd8 19. g4 Nxf3 20. Kxf3 Nf6 21.
Nc7 Rb8 22. Nb5 Ne8 23. Nxa7 Bxb2 24. Rab1 Be5 25. Ba5 Rd7 26. a4 Ra8 27. Bb6
Re7 28. Bf2 Be6 29. Rb5 Rc7 30. Reb1 b6 31. Bxb6 Rcxa7 32. Bxa7 Rxa7 33. Rb8
Rxa4 34. Rxe8+ Kg7 35. g5 Bxh3 36. Rbb8 h6 37. gxh6+ Kh7 38. Rb7 Kxh6 39. Rxf7
Kg5 40. Ke3 Bg4 41. Rf1 Bh5 42. c4 Ra5 43. Rff8 Bh2 44. Ra8 Bf4+ 45. Kf2 Rc5
46. Rab8 Rc7 47. Rb5+ Be5 48. Ke3 Bg4 49. Rf2 Be6 50. Rc2 Rc5 51. Rg2+ Kf6 52.
Rf2+ Kg7 53. Rb7+ Kh6 54. Re7 Bg4 55. Rg2 Bc8 56. Rg1 g5 57. Be2 Kg6 58. Re8
Kf7 59. Bh5+ Kf6 60. Rf8+ Ke7 61. Rf7+ Ke6 62. Ra7 Bf4+ 63. Kd4 Kf6 64. Rf7+
Ke6 65. Rh7 Be5+ 66. Kd3 Bf4 67. Ra1 Bg3 68. Raa7 Ke5 69. Rae7+ 1-0

[Event "Hastings Masters"]
[Site "Hastings"]
[Date "2024.01.03"]
[Round "7.1"]
[White "Zhang, Pengxiang"]
[Black "Gupta, Abhijeet"]
[Result "1/2-1/2"]
[WhiteElo "2558"]
[BlackElo "2596"]
[PlyCount "107"]
[EventDate "2023.12.28"]
[EventType "swiss"]
[EventRounds "9"]
[EventCountry "ENG"]
[SourceTitle "BritBase"]
[Source "John Saunders"]
[SourceDate "2024.01.08"]
[SourceVersion "1"]
[SourceVersionDate "2024.01.08"]
[SourceQuality "1"]

1. e4 e5 2. Nf3 Nc6 3. Bb5 Nf6 4. d3 d6 5. O-O a6 6. Bxc6+ bxc6 7. Re1 c5 8. c3
Bg4 9. Nbd2 Be7 10. h3 Bd7 11. Nf1 O-O 12. Ng3 Re8 13. d4 cxd4 14. cxd4 exd4
15. Qxd4 c5 16. Qc3 d5 17. e5 d4 18. Qc2 Nd5 19. Bd2 Qb6 20. Rac1 Rac8 21. b3
h6 22. Ne4 Bf8 23. Qc4 Be6 24. Qc2 Red8 25. Nh2 Nb4 26. Bxb4 Qxb4 27. Ng4 d3
28. Qd2 c4 29. bxc4 Rxc4 30. Rxc4 Qxc4 31. Qe3 Kh8 32. Rd1 Qxa2 33. Qb6 Qd5 34.
Nd6 Be7 35. Qxa6 d2 36. Qe2 Bg5 37. h4 Bf4 38. g3 Bxg4 39. Qxg4 Bxe5 40. Rxd2
Qxd2 41. Nxf7+ Kh7 42. Nxd8 Bxg3 43. Qf5+ Kg8 44. Qf7+ Kh7 45. Qf5+ Kg8 46.
Qe6+ Kh7 47. Qe4+ Kg8 48. Qe8+ Kh7 49. fxg3 Qd1+ 50. Kg2 Qc2+ 51. Kf3 Qd1+ 52.
Kf4 Qf1+ 53. Kg4 Qd1+ 54. Kh3 1/2-1/2

[Event "Hastings Masters"]
[Site "Hastings"]
[Date "2024.01.03"]
[Round "7.2"]
[White "Sulskis, Sarunas"]
[Black "Royal, Shreyas"]
[Result "1/2-1/2"]
[WhiteElo "2490"]
[BlackElo "2438"]
[PlyCount "87"]
[EventDate "2023.12.28"]
[EventType "swiss"]
[EventRounds "9"]
[EventCountry "ENG"]
[SourceTitle "BritBase"]
[Source "John Saunders"]
[SourceDate "2024.01.08"]
[SourceVersion "1"]
[SourceVersionDate "2024.01.08"]
[SourceQuality "1"]

1. e4 e5 2. Nf3 Nc6 3. Bb5 a6 4. Ba4 Nf6 5. O-O b5 6. Bb3 Bc5 7. a4 Rb8 8. axb5
axb5 9. Nxe5 Nxe5 10. d4 Bxd4 11. Qxd4 d6 12. f4 Nc6 13. Qc3 Ne7 14. Qd3 O-O
15. Nc3 c5 16. Nxb5 Nxe4 17. c4 f5 18. Bd1 Bb7 19. Bf3 d5 20. Nc3 Qb6 21. cxd5
c4+ 22. Qe3 Qxe3+ 23. Bxe3 Nxd5 24. Nxd5 Bxd5 25. Rfd1 Rfd8 26. Bd4 Rd7 27. Be5
Rbd8 28. g4 Nd2 29. Bxd5+ Rxd5 30. Kg2 fxg4 31. Ra7 Nf3 32. Rxg7+ Kf8 33. Rxd5
Rxd5 34. Rxh7 Nxe5 35. fxe5 Rxe5 36. Rb7 Re3 37. Rb4 c3 38. bxc3 Rxc3 39. Rxg4
Rc7 40. Kg3 Rg7 41. h3 Kg8 42. Kf4 Kh7 43. Rxg7+ Kxg7 44. Kg5 1/2-1/2

[Event "Hastings Masters"]
[Site "Hastings"]
[Date "2024.01.03"]
[Round "7.3"]
[White "Lagarde, Maxime"]
[Black "Jacobson, Brandon"]
[Result "0-1"]
[WhiteElo "2640"]
[BlackElo "2538"]
[PlyCount "71"]
[EventDate "2023.12.28"]
[EventType "swiss"]
[EventRounds "9"]
[EventCountry "ENG"]
[SourceTitle "BritBase"]
[Source "John Saunders"]
[SourceDate "2024.01.08"]
[SourceVersion "1"]
[SourceVersionDate "2024.01.08"]
[SourceQuality "1"]

1. e4 e5 2. Nf3 Nc6 3. Bb5 a6 4. Ba4 Nf6 5. O-O Bc5 6. c3 b5 7. Bb3 d6 8. a4
Bb7 9. d4 Bb6 10. Re1 Ne7 11. a5 Ba7 12. c4 bxc4 13. Ba4+ Bc6 14. Bg5 Qd7 15.
Nc3 Rb8 16. h3 Bxa4 17. Rxa4 Qe6 18. Nd5 Nexd5 19. exd5 Qxd5 20. Qc2 Bxd4 21.
Nxd4 Qxd4 22. Rxc4 Qxb2 23. Qf5 Nd5 24. Rg4 Qb5 25. Bd2 g6 26. Qg5 f6 27. Qh6
Kf7 28. f4 Qd3 29. fxe5 dxe5 30. Kh2 Ne7 31. Bb4 c5 32. Bxc5 Nf5 33. Qc1 Rbc8
34. Rc4 Rhd8 35. Ree4 Rxc5 36. Kg1 0-1

[Event "Hastings Masters"]
[Site "Hastings"]
[Date "2024.01.03"]
[Round "7.4"]
[White "Edouard, Romain"]
[Black "Sengupta, Deep"]
[Result "1/2-1/2"]
[WhiteElo "2527"]
[BlackElo "2501"]
[PlyCount "60"]
[EventDate "2023.12.28"]
[EventType "swiss"]
[EventRounds "9"]
[EventCountry "ENG"]
[SourceTitle "BritBase"]
[Source "John Saunders"]
[SourceDate "2024.01.08"]
[SourceVersion "1"]
[SourceVersionDate "2024.01.08"]
[SourceQuality "1"]

1. Nf3 Nf6 2. g3 c5 3. Bg2 Nc6 4. c4 d5 5. cxd5 Nxd5 6. Nc3 Nc7 7. O-O e5 8. d3
Be7 9. Nd2 Bd7 10. Nc4 f6 11. f4 b5 12. Ne3 Rb8 13. Ned5 O-O 14. Nxc7 Qxc7 15.
f5 Nd4 16. g4 Bc6 17. Ne4 Ba8 18. Be3 Qa5 19. a4 Qb4 20. axb5 Qxb2 21. Rxa7
Rfe8 22. Bxd4 Qxd4+ 23. Kh1 Rxb5 24. Qa1 Rbb8 25. Qa6 Kh8 26. g5 Bxe4 27. Bxe4
c4 28. gxf6 Bxf6 29. Rf7 cxd3 30. exd3 Rf8 1/2-1/2

[Event "Hastings Masters"]
[Site "Hastings"]
[Date "2024.01.03"]
[Round "7.5"]
[White "Petrov, Martin"]
[Black "Gasanov, Eldar"]
[Result "1/2-1/2"]
[WhiteElo "2501"]
[BlackElo "2487"]
[PlyCount "85"]
[EventDate "2023.12.28"]
[EventType "swiss"]
[EventRounds "9"]
[EventCountry "ENG"]
[SourceTitle "BritBase"]
[Source "John Saunders"]
[SourceDate "2024.01.08"]
[SourceVersion "1"]
[SourceVersionDate "2024.01.08"]
[SourceQuality "1"]

1. e4 c5 2. Nf3 Nc6 3. d4 cxd4 4. Nxd4 Nf6 5. Nc3 d6 6. Bg5 e6 7. Qd2 a6 8.
O-O-O Be7 9. Kb1 Bd7 10. Nxc6 Bxc6 11. f3 b5 12. h4 h6 13. Be3 d5 14. e5 Nd7
15. f4 Nc5 16. Qf2 b4 17. Bxc5 bxc3 18. Bb6 Qd7 19. b3 Bb5 20. Rh3 Rc8 21. Ba5
Bxf1 22. Qxf1 Qb5 23. Qxb5+ axb5 24. Rd4 Kd7 25. Bb4 Bc5 26. Bxc5 Rxc5 27. a4
Rb8 28. Rb4 h5 29. axb5 Kc7 30. Rg3 g6 31. Ka2 Kb6 32. Ka3 Rbc8 33. Ra4 Kxb5
34. Rd3 Kb6 35. Rdd4 R8c7 36. g3 Ra5 37. Rdb4+ Rb5 38. Ra8 Kc5 39. Rba4 Rbb7
40. R8a5+ Rb5 41. Ra8 Rbb7 42. R8a5+ Rb5 43. Ra8 1/2-1/2

[Event "Hastings Masters"]
[Site "Hastings"]
[Date "2024.01.03"]
[Round "7.6"]
[White "Cherniaev, Alexander"]
[Black "Laurent-Paoli, Pierre"]
[Result "0-1"]
[WhiteElo "2381"]
[BlackElo "2524"]
[PlyCount "86"]
[EventDate "2023.12.28"]
[EventType "swiss"]
[EventRounds "9"]
[EventCountry "ENG"]
[SourceTitle "BritBase"]
[Source "John Saunders"]
[SourceDate "2024.01.08"]
[SourceVersion "1"]
[SourceVersionDate "2024.01.08"]
[SourceQuality "1"]

1. e4 c5 2. c3 Nf6 3. e5 Nd5 4. Nf3 e6 5. Bc4 d6 6. d4 cxd4 7. cxd4 Be7 8. O-O
O-O 9. Bd2 dxe5 10. dxe5 Bd7 11. Nc3 Bc6 12. Qe2 Nb6 13. Bd3 N8d7 14. Ne4 Qc7
15. Bf4 Nd5 16. Bg3 Qb6 17. a3 a5 18. h4 h6 19. Rad1 Nc5 20. Nxc5 Bxc5 21. h5
Ne7 22. Nh4 Rad8 23. Bb1 Qb3 24. Kh2 Rd4 25. Rxd4 Bxd4 26. Rd1 Bxb2 27. Rd3 Qb5
28. a4 Qb4 29. Bc2 Bc1 30. Rd1 Qa3 31. Bb1 Qc3 32. Bc2 Bg5 33. Nf3 Nf5 34. Rd3
Qc4 35. Nxg5 hxg5 36. Qd2 Qg4 37. Bd1 Nxg3 38. fxg3 Qf5 39. Re3 g4 40. Kg1 Qxh5
41. Qd4 Qg5 42. Rd3 Bd5 43. Bxg4 Rc8 0-1

[Event "Hastings Masters"]
[Site "Hastings"]
[Date "2024.01.03"]
[Round "7.7"]
[White "Mikhalevski, Victor"]
[Black "Derakhshani, Borna"]
[Result "0-1"]
[WhiteElo "2524"]
[BlackElo "2380"]
[PlyCount "94"]
[EventDate "2023.12.28"]
[EventType "swiss"]
[EventRounds "9"]
[EventCountry "ENG"]
[SourceTitle "BritBase"]
[Source "John Saunders"]
[SourceDate "2024.01.08"]
[SourceVersion "1"]
[SourceVersionDate "2024.01.08"]
[SourceQuality "1"]

1. c4 Nf6 2. d4 e6 3. Nc3 Bb4 4. f3 c5 5. d5 d6 6. e4 b5 7. Bd2 Bxc3 8. Bxc3 b4
9. Bd2 O-O 10. Ne2 Nh5 11. Kf2 f5 12. exf5 exf5 13. g3 Qf6 14. Qc1 f4 15. Bg2
fxg3+ 16. hxg3 Qg6 17. Rh4 Nd7 18. g4 Nhf6 19. Kg1 Ne5 20. Nf4 Qf7 21. g5 Ne8
22. Kh1 Nc7 23. Qf1 Bf5 24. Re1 Rae8 25. b3 a5 26. Bh3 a4 27. Re2 axb3 28. axb3
Re7 29. Rh2 g6 30. Rxh7 Qxh7 31. Bxf5 Rxf5 32. Rxh7 Rxh7+ 33. Kg1 Rh4 34. Nxg6
Nxf3+ 35. Kg2 Rg4+ 36. Kh3 Nxg5+ 37. Kxg4 Rxf1 38. Kxg5 Kf7 39. Nh4 Ke7 40. Bf4
Ne8 41. Ng6+ Kf7 42. Nh4 Rb1 43. Nf5 Rxb3 44. Bxd6 Nxd6 45. Nxd6+ Ke7 46. Ne4
Rc3 47. d6+ Kd7 0-1